000 01018nas a2200349 4500
001 BR0805553
003 BR-BrBNA
005 20231205111958.0
007 ta
008 230509b bl.|||p| |||| 00| 00por d
040 _aBR-BrBNA
_bpor
_cBiblioteca Nacional de Agricultura
041 _a(Pt)
072 _aE71; P06; S01
100 1 _aBeltrão, N.E. de M.
245 1 _aAgronegócio das oleaginosas no Brasil
650 _aRECURSO ENERGÉTICO
650 _aAGRONEGÓCIO
650 _aBIOCOMBUSTÍVEL
650 _aMEIO AMBIENTE
650 _aPLANTA OLEAGINOSA
650 _aESPERMATOGÊNESE
650 _aMATÉRIA PRIMA
650 _aÓLEO VEGETAL
650 _aSOJA
650 _aMILHO
650 _aALGODÃO
650 _aBIOMASSA
650 _aRECURSO ENERGÉTICO
773 0 _tInforme Agropecuário - Empresa de Pesquisa Agropecuária de Minas Gerais (Brazil)
_xISSN 0100-3364
_g(2005), v. 26(229) p. 14-18
_wBR0805553
909 _a202311
_bLúcia
_c55
_dLúcia Elande
942 _2AGRIS
_n0
_cANA
999 _c195438
_d195438